[Event "12th SRB-ch Men 2018"]
[Site "Novi Sad"]
[Date "2018.03.11"]
[Round "6"]
[White "Djordjevic, Vuk"]
[Black "Markus, Robert"]
[Result "1/2-1/2"]
[WhiteElo "2372"]
[BlackElo "2615"]
[Annotator "TA"]
[PlyCount "138"]
[EventDate "2018.??.??"]
[EventType "tourn"]
[EventCountry "SRB"]
[SourceTitle "playchess.com"]
[Source "ChessBase"]
[SourceQuality "1"]

{[%evp 19,138,29,43,39,59,53,62,54,48,45,39,43,40,41,49,37,56,41,66,6,7,5,14,0,13,17,56,-9,-9,-7,-7,-60,-64,-118,-102,-162,-96,-100,-123,-117,-114,-165,-152,-133,-130,-126,-109,-220,-175,-197,-168,-154,-138,-165,-162,-157,-157,-145,-151,-208,-180,-176,-182,-197,-105,-104,0,-104,-107,-97,-26,-80,0,0,0,0,0,0,0,0,0,0,0,0,0,-10,-10,-10,0,0,0,0,0,0,0,0,0,0,0,0,0,0,0,0,0,0,0,0,0,0,0,0,0,0,0,0,0,0,0,0,0]} 1. d4 d6 2. e4 Nf6 3. Nc3 e5 4. Nf3 Nbd7 5. Bc4 Be7 6. O-O Nb6 {C41: Philidor Defence} (6... O-O 7. Re1 c6 8. a4 a5 9. h3 Re8 10. Ba2 Bf8 11. Be3 Qc7 12. Ng5 Re7 13. f4 b6 14. fxe5 dxe5 15. d5 cxd5 16. exd5 {1-0 (16) Wang,H (2709)-Ivanchuk,V (2726) Huaian 2017}) 7. Be2 exd4 8. Nxd4 O-O 9. f4 Re8 10. Bf3 Bf8 {LiveBook: 4 Games} 11. a4 a5 12. h3 c6 13. b3 {[#]} Nfd7 $146 ({Predecessor:} 13... d5 14. e5 {0-1 (62) Savic,M (2539)-Damljanovic,B (2536) Vrnjacka Banja 2013}) 14. Re1 Nc5 15. Be3 d5 16. exd5 Nxd5 17. Nxd5 cxd5 18. Nb5 Ne4 19. Qd4 (19. c4 $14) 19... Bf5 $11 20. Rad1 Nf6 21. Qd2 Rc8 22. c3 Bd7 23. Qd3 (23. Bf2 $14) 23... Bxb5 24. axb5 ({Reject} 24. Qxb5 Rxe3 25. Rxe3 Bc5 $15) 24... Qc7 25. Bd2 {[#]} (25. Bf2 $11) 25... Ne4 $1 $15 {[%mdl 512]} 26. Bxe4 (26. Re2 $15) 26... dxe4 $17 27. Qc2 {[#]} (27. Qe2 $17) 27... Bc5+ (27... Qc5+ $1 $19 28. Be3 Qxc3 29. Qxc3 Rxc3) 28. Be3 Bxe3+ 29. Rxe3 Qxf4 30. Qf2 (30. Ree1 $17 {was called for.}) 30... Qe5 $19 31. Rd4 Qxb5 32. c4 Qc6 33. Kh1 (33. Qf4 $17) 33... Re7 34. Qf5 Rce8 35. Qxa5 g6 36. c5 Re5 37. b4 Rd5 38. Rxd5 Qxd5 $17 {[%mdl 4096] Endgame KQR-KQR} 39. Qb5 (39. Qa4 $17 Rd8 40. Qa5) 39... Ra8 40. Re1 f5 41. Qf1 Ra3 (41... Rd8 $19 42. Qe2 Qd2 43. Qc4+ Kg7) 42. Qf4 Ra8 (42... Kg7 $17 43. Qc7+ Kh6) 43. Qc1 (43. Qf1 $1 $11) 43... Rd8 44. b5 Qd2 ({Black should try} 44... Rd7 $17 45. Qc3 Qd3) 45. Qb1 (45. c6 $1 $11 {remains equal.} bxc6 46. bxc6 Qxc1 47. Rxc1) 45... Qf2 ({Black should play} 45... Kg7 $17 46. c6 bxc6 47. bxc6 Kh6) 46. c6 $1 $11 {[%cal Rc6c7] The position is equal.} bxc6 47. bxc6 {Strongly threatening c7.} Rd2 {[%csl Gd2][%cal Rf2g2]} 48. Rg1 Rc2 49. Qd1 Qd2 50. Qxd2 Rxd2 {KR-KR} 51. Rc1 {Hoping for c7.} Rd8 52. c7 Rc8 53. g4 Kf7 54. gxf5 gxf5 55. Kg2 Ke6 {aiming for ...Kd6.} 56. Rc5 f4 57. Kf2 Kd6 58. Rc4 Kd5 59. Rc1 h5 60. Ke2 Ke5 61. Rc4 Kd5 62. Rc1 Kd4 63. Rd1+ Ke5 64. Rc1 Kf6 65. Rc5 h4 66. Rc6+ Kf5 67. Rc5+ Ke6 68. Rc4 Ke5 69. Rc1 Kd4 {Precision: White = 54%, Black = 60%.} 1/2-1/2

[Event "12th SRB-ch Men 2018"]
[Site "Novi Sad"]
[Date "2018.03.12"]
[Round "7"]
[White "Markus, Robert"]
[Black "Damljanovic, Branko"]
[Result "1/2-1/2"]
[WhiteElo "2615"]
[BlackElo "2522"]
[Annotator "TA"]
[PlyCount "95"]
[EventDate "2018.??.??"]
[EventType "tourn"]
[EventCountry "SRB"]
[SourceTitle "playchess.com"]
[Source "ChessBase"]
[SourceQuality "1"]

{[%evp 20,95,26,25,30,17,7,14,34,29,119,123,134,129,151,144,151,146,139,147,163,156,154,156,191,164,183,158,175,165,184,187,238,189,270,261,283,251,295,228,360,365,375,295,338,312,345,355,344,343,414,412,395,409,400,398,401,401,396,395,385,374,337,120,113,0,0,0,116,0,0,0,0,0,0,0,0,0]} 1. d4 Nf6 2. c4 e6 3. Nf3 Bb4+ 4. Bd2 a5 5. g3 d5 6. Bg2 c6 {E11: Bogo-Indian} 7. Qc2 Nbd7 8. O-O Be7 9. Rd1 O-O 10. Bf4 a4 (10... h6 11. Nc3 dxc4 12. e4 b5 13. d5 cxd5 14. exd5 exd5 15. Nxd5 Nxd5 16. Rxd5 Bb7 17. Rxb5 {½-½ (33) Matlakov,M (2728)-Sadorra,J (2575) Tbilisi 2017}) 11. Ne5 {LiveBook: 8 Games} Qa5 12. Nc3 {[%cal Bb1c3,Bc3e4,Be4d6][%mdl 32]} a3 $146 ({Predecessor:} 12... Nxe5 13. dxe5 Nd7 14. cxd5 exd5 15. e4 dxe4 16. Bxe4 h6 17. Bd2 Qa6 {½-½ (27) Postny,E (2619)-Mareco,S (2606) Baku 2016}) 13. b3 Bb4 14. Rac1 Nh5 (14... Nxe5 $11 {keeps the balance.} 15. dxe5 Nd7) 15. Bd2 $16 Nxe5 16. dxe5 d4 17. Ne4 {aiming for Bxb4.} Bxd2 18. Qxd2 Qxe5 19. f4 Qc7 20. Qxd4 Qe7 21. Nd6 g6 22. c5 f6 23. Qc4 Kh8 24. Bh3 $36 {[%mdl 2048] White is really pushing.} Ng7 25. e4 {[%cal Be2e4,Be4e5][%mdl 32]} Qc7 (25... Ne8 $142 26. Nxc8 Rxc8 27. Qxe6 (27. Bxe6 Rd8 $16) 27... Rc7) 26. e5 f5 (26... fxe5 $142 27. fxe5 Nf5) 27. Bg2 h6 28. h4 Qe7 29. Kf2 Qc7 (29... Ne8 $142 30. Qb4 Qg7) 30. Qd4 $18 Kg8 31. Rc4 Qe7 32. Rb4 Ra7 33. Ra4 Rxa4 34. Qxa4 ({Much less strong is} 34. bxa4 Qd8 $18) 34... g5 35. hxg5 hxg5 36. Rh1 Ne8 37. Qxa3 Qd8 38. Qb4 Nxd6 39. cxd6 ({Not} 39. exd6 Qf6 $18) 39... Bd7 40. Rh5 ({Don't do} 40. Qxb7 Qa5 $18) 40... Qa8 41. Kg1 $2 {[#]} (41. Rxg5+ $18 {and the rest is easy.} Kf7 42. Qd2) 41... Qa7+ $16 42. Kh2 (42. Kf1 $16) 42... g4 $1 $11 43. a4 {Black must now prevent Qc4.} Kg7 (43... b5 $1 $11) 44. a5 (44. Qd2 $16) 44... Ra8 {The position is equal.} 45. Kh1 Kg6 46. Rg5+ Kf7 {[#] ( -> ...Rh8+)} 47. Rh5 Kg6 48. Rg5+ {Precision: White = 70%, Black = 43%.} 1/2-1/2

[Event "12th SRB-ch Men 2018"]
[Site "Novi Sad"]
[Date "2018.03.12"]
[Round "7"]
[White "Sedlak, Nikola"]
[Black "Indjic, Aleksandar"]
[Result "1/2-1/2"]
[WhiteElo "2600"]
[BlackElo "2623"]
[Annotator "TA"]
[PlyCount "38"]
[EventDate "2018.??.??"]
[EventType "tourn"]
[EventCountry "SRB"]
[SourceTitle "playchess.com"]
[Source "ChessBase"]
[SourceQuality "1"]

{[%evp 15,21,31,33,5,24,12,12,7]} 1. e4 e6 2. d4 d5 3. exd5 exd5 4. Nf3 Bd6 5. c4 dxc4 6. Bxc4 Nf6 7. Qe2+ {D20: Queen's Gambit Accepted: 3 e3 and 3 e4} Qe7 8. Qxe7+ Kxe7 {LiveBook: 23 Games} 9. Nc3 {Black should prevent 0-0.} Be6 10. Bxe6 fxe6 11. Bg5 {Find the theoretical novelty and annotate with similar games:} Nbd7 $146 12. O-O-O Kf7 13. Bxf6 gxf6 14. d5 e5 15. Nh4 Rhg8 16. g3 Rgd8 17. Kc2 Nb6 18. Nf5 Bb4 19. Ne3 Rd7 {½-½ (19) Varga,Z (2464)-Gonda,L (2563) Balatonboglar 2014} 1/2-1/2

[Event "12th SRB-ch Men 2018"]
[Site "Novi Sad"]
[Date "2018.03.12"]
[Round "7"]
[White "Perunovic, Milos"]
[Black "Djordjevic, Vuk"]
[Result "1-0"]
[WhiteElo "2597"]
[BlackElo "2372"]
[Annotator "TA"]
[PlyCount "65"]
[EventDate "2018.??.??"]
[EventType "tourn"]
[EventCountry "SRB"]
[SourceTitle "playchess.com"]
[Source "ChessBase"]
[SourceQuality "1"]

{[%evp 25,64,0,0,5,42,35,59,47,58,45,69,67,77,73,77,66,65,66,77,77,107,98,159,184,186,151,380,410,630,631,620,613,988,956,1728,1714,1630,1470,29998,29999,29999]} 1. e4 e6 2. d4 d5 3. Nc3 Bb4 4. e5 c5 5. a3 Bxc3+ 6. bxc3 Qa5 7. Bd2 Qa4 8. h4 Ne7 9. h5 {C18: French: 3 Nc3 Bb4: Main line: 7 h4 and 7 Qg4} h6 10. Nf3 Nbc6 11. Rh4 (11. Rb1 c4 12. g3 b6 13. Bh3 Bd7 14. O-O O-O-O 15. Nh4 Rdg8 {½-½ (33) Karjakin,S (2779)-Radjabov,T (2726) Shamkir 2016}) 11... c4 12. Rf4 Bd7 13. g3 Rf8 {LiveBook: 4 Games} 14. Nh4 {[%cal Bf3h4,Bh4g2,Bg2e3][%mdl 32]} a6 $146 ({Predecessor:} 14... Nf5 15. Bh3 Nce7 16. Ng2 Nc6 {1-0 (62) Xu,Y (2465)-Stefansson,V (2294) Runavik 2017}) 15. Bh3 Rg8 16. Kf1 {[%cal Be1f1,Bf1g1,Bg1h1][%mdl 32]} Nd8 17. Ng2 Ndc6 18. Ne3 b5 19. Kg1 Qa5 20. Kh1 Rh8 21. Qg4 Rg8 22. Qf3 Nd8 23. g4 {[%cal Bg3g4,Bg4f5,Bf5f6][%mdl 32]} Rh8 (23... Bc6 $142) 24. Rg1 $1 $16 g5 25. hxg6 $1 Nxg6 $2 (25... fxg6 $16 {was worth a try.} 26. Ra1 g5) 26. Rf6 $18 Qxa3 {[#]} (26... Nc6 $142 27. Nxd5 (27. Rxf7 Ngxe5 28. dxe5 Nxe5 $11) 27... Nh4) 27. Nf5 $1 {[%mdl 512]} exf5 28. gxf5 Nh4 {[#]} 29. Rxh6 $1 {[%mdl 512]} Qf8 30. Rxh8 Qxh8 {[#]} 31. Qh5 $1 {[%cal Rh5h8][%mdl 512]} Qxh5 32. Rg8+ Ke7 33. f6# {Precision: White = 80%, Black = 25%.} 1-0

[Event "12th SRB-ch Men 2018"]
[Site "Novi Sad"]
[Date "2018.03.12"]
[Round "7"]
[White "Savic, Miodrag R"]
[Black "Ratkovic, Miloje"]
[Result "1/2-1/2"]
[WhiteElo "2535"]
[BlackElo "2427"]
[Annotator "TA"]
[PlyCount "169"]
[EventDate "2018.??.??"]
[EventType "tourn"]
[EventCountry "SRB"]
[SourceTitle "playchess.com"]
[Source "ChessBase"]
[SourceQuality "1"]

{[%evp 13,169,42,37,31,33,14,25,12,18,10,43,34,42,5,22,8,21,16,22,16,18,19,17,8,13,0,0,0,0,0,0,0,0,0,0,-12,-9,-9,-9,-29,-29,-29,-23,-19,-9,-31,-16,0,0,-112,-119,-120,-123,-120,-106,-109,-108,-134,-133,-184,-166,-158,-159,-179,-179,-191,-192,-226,-172,-193,-191,-195,-183,-184,-184,-178,-185,-185,-178,-234,-234,-867,-868,-852,-845,-754,-716,-706,-675,-6299,-6166,-3129,-22,-22,-22,-22,-22,-22,-22,-22,-22,-22,-22,-151,-151,-141,-141,-141,-18,-18,-18,-18,-18,-18,-18,-18,-18,-18,-18,-18,-18,-18,-18,-18,-18,-18,-18,-18,-18,-18,-18,-18,-18,-18,-18,-21,0,-8,-8,-8,-8,-8,-8,-57,-57,-57,-57,-57,-57,-57,-57,-57,-57,-57,-57,-57,-57,-57]} 1. e4 c6 2. d4 d5 3. e5 Bf5 4. Nf3 e6 5. Be2 Be7 6. Nbd2 {B12: Caro-Kann: Advance Variation} (6. O-O Nh6 7. b3 O-O 8. c4 Bg6 9. Bxh6 gxh6 10. Qd2 Kg7 11. Nc3 Nd7 12. Bd3 Qa5 13. a3 Rae8 14. cxd5 cxd5 {½-½ (40) Shankland,S (2642)-Paichadze,L (2561) Al Ain 2014}) 6... h5 7. Nb3 Nd7 {LiveBook: 10 Games} 8. Be3 {White is slightly better.} Nh6 9. h3 Bg6 10. O-O $146 ({Predecessor:} 10. g4 a6 11. Qd2 Qc7 12. Bg5 f6 13. Bf4 Qb6 14. Rg1 hxg4 15. hxg4 {½-½ (58) Kuzevanova,E (2172)-Lupik,M (2209) St Petersburg 2007}) 10... Nf5 11. Bf4 h4 12. Re1 Bh5 13. Bd2 O-O 14. c3 c5 15. dxc5 Nxc5 16. Nbd4 Nxd4 17. Nxd4 Bg6 18. Be3 a6 19. Nb3 Na4 20. Qd2 Qc7 21. Bd4 b5 22. a3 Rfc8 23. Rad1 Rab8 24. Nc1 a5 25. Nd3 Bf5 26. Rc1 Nb6 27. Ra1 Nc4 28. Qc1 Qd8 29. b4 axb4 30. axb4 Ra8 $36 {[%mdl 2048] White is under pressure.} 31. Qc2 (31. Rxa8 $11 {keeps the balance.} Rxa8 32. Nf4) 31... Bg5 $17 32. Red1 {[#]} Bf4 $1 {[%mdl 512]} 33. Qb3 (33. Nxf4 Bxc2) 33... Bxd3 34. Bxd3 Qg5 ({Of course not} 34... Bxe5 $6 35. Rxa8 Rxa8 36. Bxe5 $11) 35. Rxa8 Rxa8 36. Re1 (36. Bxc4 $17 dxc4 37. Qc2) 36... Nxe5 37. Qd1 Ra2 38. Re2 Nf3+ 39. Kf1 Rxe2 40. Bxe2 Nxd4 41. cxd4 Bd6 42. Qe1 Qf4 43. Qc3 {[#]} Qh2 $1 {[%cal Rh2h1]} 44. Bxb5 Qh1+ 45. Ke2 Qxg2 46. Bd3 {[#]} (46. Qf3 $142 Qxf3+ 47. Kxf3) 46... g5 $1 $19 {[%cal Bg7g5,Bg5g4][%mdl 32]} 47. b5 $2 (47. Bc2) 47... g4 48. Qd2 Qf3+ 49. Ke1 Bf4 50. Qe2 Qxh3 51. b6 Qg2 52. b7 h3 $2 {[#]} (52... Qh1+ $19 53. Qf1 Qf3 54. b8=R+ Bxb8) 53. Qe3 $1 $11 {[%cal Re3f4][%mdl 512]} Qh1+ (53... Bxe3 54. b8=Q+) 54. Ke2 {[#]} Qf3+ $1 55. Qxf3 gxf3+ 56. Kxf3 {[%mdl 4096] Endgame KB-KB} Bb8 57. Bf1 h2 58. Bg2 (58. Kg2 $1 $11) 58... Kf8 $17 59. Kg4 Ke7 60. f4 Kd7 ({Black should play} 60... Kd6 $17 {next ...Kc6 is good for Black.} 61. f5 Bc7) 61. f5 $11 Kc6 62. fxe6 fxe6 63. Kg5 $1 Kd6 64. Kf4 Kd7+ 65. Kg5 Ba7 66. Bf3 Kd6 67. Kf4 Ke7 68. Kg3 Bb8+ 69. Kg2 Kf6 70. Bg4 Bc7 71. Kh1 Ke7 72. Kg2 Bd6 73. Kh1 Kf6 74. Kg2 e5 75. dxe5+ Bxe5 76. Bf3 d4 77. Be4 Kg5 78. Bb1 (78. Kf2 {with more complications.} Kg4 79. Ke2 Bb8 80. Bc6 Kf4 81. Kd3) 78... Kg4 {Black is slightly better.} 79. Bc2 Bb8 80. Bb1 Kg5 81. Bc2 $1 Kf6 82. Bd3 Ke6 83. Be4 Ke5 84. Bc2 Kd5 85. Bd3 {Precision: White = 58%, Black = 68%.} 1/2-1/2

[Event "12th SRB-ch Men 2018"]
[Site "Novi Sad"]
[Date "2018.03.12"]
[Round "7"]
[White "Rabrenovic, Vladan"]
[Black "Markovic, Miroslav"]
[Result "0-1"]
[WhiteElo "2371"]
[BlackElo "2446"]
[Annotator "TA"]
[PlyCount "58"]
[EventDate "2018.??.??"]
[EventType "tourn"]
[EventCountry "SRB"]
[SourceTitle "playchess.com"]
[Source "ChessBase"]
[SourceQuality "1"]

{[%evp 13,58,80,76,81,69,54,61,62,56,50,48,47,64,46,62,56,45,56,116,-247,-260,-262,-230,-524,-522,-673,-673,-916,-936,-930,-918,-1337,-1329,-1278,-1243,-1176,-1160,-29968,-29953,-29976,-29975,-29970,-29965,-29985,-29986,-29986,-29987]} 1. d4 Nf6 2. c4 Nc6 3. Nc3 e5 4. d5 Ne7 5. e4 Ng6 6. Be3 d6 {A50: Queen's Fianchetto Defence (1 d4 Nf6 2 c4 b6)} (6... Bb4 7. Bd3 Bxc3+ 8. bxc3 d6 9. f3 O-O 10. Ne2 Nd7 11. O-O Nc5 12. Bxc5 dxc5 13. Qd2 f6 14. Rae1 {1-0 (37) Almeida Quintana,O (2521)-Benjamin,J (2583) ICC INT 2009}) 7. f3 Be7 {LiveBook: 4 Games} 8. Qd2 O-O {White is better.} 9. g3 c6 $146 ({Predecessor:} 9... c5 10. h4 h5 11. Nh3 a6 12. Nf2 {1-0 (30) Agopov,M (2442)-Kasumi,G (1899) Gjakova 2016}) 10. h4 cxd5 11. cxd5 Nh5 12. Bf2 h6 13. Be2 Bd7 14. f4 Nxg3 15. Bxg3 {aiming for fxe5.} exf4 {[#]} ({Black should try} 15... Nxf4 $14 16. Bf3 (16. Bxf4 Bxh4+ 17. Kf1 exf4 $14) 16... f5) 16. h5 $2 {[%mdl 8192]} ({Much worse is} 16. Bxf4 $6 Bxh4+ 17. Kf1 (17. Kd1 Nxf4 18. Qxf4 Bf6 $11) 17... f5 $11) (16. Bf2 $1 $16) 16... fxg3 $19 17. hxg6 Qb6 ({Don't play} 17... fxg6 18. Nf3 $19) 18. Bf3 $2 (18. Nf3 Qf2+ 19. Kd1) 18... fxg6 19. Qe2 Rac8 20. Rd1 Bf6 {White must now prevent ...Rxc3.} 21. Rd3 Bxc3+ 22. Rxc3 Rxc3 23. bxc3 Bb5 {[%cal Bd7b5,Bb5c4,Bc4e2][%mdl 32]} 24. Qd2 Bc4 25. Qd4 Qb1+ {Black mates.} 26. Kd2 Qb2+ 27. Kd1 {[#]} Rxf3 $1 {[%mdl 512]} 28. Nxf3 Be2+ 29. Ke1 Bxf3 {Precision: White = 35%, Black = 64%.} 0-1

[Event "12th SRB-ch Men 2018"]
[Site "Novi Sad"]
[Date "2018.03.13"]
[Round "8"]
[White "Indjic, Aleksandar"]
[Black "Savic, Miodrag R"]
[Result "1/2-1/2"]
[WhiteElo "2623"]
[BlackElo "2535"]
[Annotator "TA"]
[PlyCount "124"]
[EventDate "2018.??.??"]
[EventType "tourn"]
[EventCountry "SRB"]
[SourceTitle "playchess.com"]
[Source "ChessBase"]
[SourceQuality "1"]

{[%evp 10,124,54,0,18,0,0,0,0,-2,0,0,0,0,0,-26,-19,-21,-29,-51,-51,-51,-45,-55,-40,-54,-52,-47,-39,-41,-47,-52,-63,-58,-46,-94,0,-78,-16,-16,-11,-13,-14,-68,0,-46,-25,-40,-41,-56,-54,-35,-34,-56,-48,-52,-44,-51,-56,-63,-47,-82,-71,-99,-97,-90,0,0,0,-55,55,75,61,59,64,66,74,49,72,82,204,79,72,47,52,9,12,0,0,0,0,0,0,0,0,0,0,0,0,0,0,0,0,0,0,0,0,0,0,0,0,0,0,0,0,0,0]} 1. d4 Nf6 2. c4 e6 3. Nc3 Bb4 4. Qc2 Nc6 5. Nf3 d6 6. g4 {LiveBook: 4 Games. E33: Nimzo-Indian: Classical: 4...Nc6} (6. Bd2 $14) (6. a3 Bxc3+ 7. Qxc3 a5 8. b3 O-O 9. e3 Re8 10. Bb2 e5 11. dxe5 dxe5 12. Be2 Bg4 13. h3 Bh5 14. O-O Ne4 15. Qc2 Bg6 16. Rfd1 Qe7 17. Bd3 Nxf2 18. Kxf2 {0-1 (71) Indjic,A (2589)-Fedoseev,V (2684) Karlsruhe 2017}) 6... h6 7. g5 hxg5 8. Bxg5 Qe7 $146 ({Predecessor:} 8... Bxc3+ 9. Qxc3 Ne4 10. Bxd8 Nxc3 11. Bxc7 Ne4 12. a3 Kd7 13. d5 Kxc7 14. dxc6 bxc6 {0-1 (51) Gajek,R (2355)-Belezky,A (2454) Dresden 2014}) 9. O-O-O {Threatens to win with d5.} Bxc3 10. bxc3 e5 11. h4 Bd7 12. Rg1 O-O-O 13. e3 Rde8 14. Nd2 Qf8 15. Bxf6 gxf6 16. Ne4 Qe7 17. d5 Na5 18. c5 $1 {[%cal Rc5c6]} f5 19. c6 fxe4 ({But not} 19... bxc6 $6 20. Ba6+ Kd8 21. Ng5 $14) 20. cxd7+ Qxd7 21. Qxe4 {next Qb4 is good for White.} b6 22. Be2 {Black must now prevent Bg4.} Kb8 (22... f5 $17 23. Qb4 Qf7) 23. h5 (23. Rg7 $11) 23... Nb7 (23... f5 $17 24. Qc2 Ref8) 24. Rg7 Nc5 25. Qh4 e4 26. Rd4 (26. Kb2 $11) 26... Qf5 (26... Reg8 $15 27. Rxg8+ Rxg8) 27. Rg5 Qf6 28. Qg3 a6 29. Kc2 Kb7 30. Rd1 Rh6 31. Qf4 Qxf4 32. exf4 e3 33. fxe3 Rxe3 34. Rg2 $1 Rh3 35. Bg4 {[#]} Rh4 $1 36. Re1 b5 37. Re7 Rf6 (37... f5 $1 $17 {[%cal Rf5g4]} 38. Be2 Kb6) 38. f5 $11 Kc8 39. Kd2 ({Better is} 39. Re8+ $11 Kb7 40. Re7) 39... Nd7 (39... Kd8 $15 40. Re3 Nd7) 40. Ke3 $1 $14 Rh6 41. Rxf7 {Hoping for f6.} Ne5 42. Rf8+ $1 Kd7 43. Be2 {Intending Rg7+ and mate.} Ke7 $1 {[%cal Re7f8]} 44. Rc8 Rh3+ {[#]} (44... Kf6 $16) 45. Kd2 (45. Kf4 $1 $18 {is the precise move to win.}) 45... Kf6 $16 46. Rxc7 (46. Rf8+ {looks sharper.} Ke7 47. Ra8 Kf6 48. Kc2 Kxf5 49. Rxa6 Ke4 50. Ra5) 46... Kxf5 47. Ra7 {Black should prevent Kc2.} Nc4+ {The position is equal.} 48. Bxc4 bxc4 49. Rxa6 R6xh5 50. Rxd6 $11 {[%mdl 4096] Endgame KRR-KRR} Ke5 51. Rd8 {aiming for Re2+.} Rh2 52. Rdg8 (52. Re2+ {keeps more tension.} Rxe2+ 53. Kxe2 Rh2+ 54. Kd1 Rxa2 55. d6) 52... Kxd5 53. Kc2 Kc6 54. Kb2 Rxg2+ 55. Rxg2 {KR-KR} Kb5 56. Ka3 Ka5 57. Rf2 Rg5 58. Rh2 Rf5 59. Rh4 Kb5 60. Rh8 Rg5 61. Rb8+ Ka5 62. Rb4 Rg4 {Precision: White = 45%, Black = 65%.} 1/2-1/2

[Event "12th SRB-ch Men 2018"]
[Site "Novi Sad"]
[Date "2018.03.13"]
[Round "8"]
[White "Damljanovic, Branko"]
[Black "Perunovic, Milos"]
[Result "1-0"]
[WhiteElo "2522"]
[BlackElo "2597"]
[Annotator "TA"]
[PlyCount "127"]
[EventDate "2018.??.??"]
[EventType "tourn"]
[EventCountry "SRB"]
[SourceTitle "playchess.com"]
[Source "ChessBase"]
[SourceQuality "1"]

{[%evp 25,127,21,33,7,7,8,15,8,22,18,15,6,12,0,12,17,43,41,27,26,37,4,45,5,55,0,0,0,3,0,0,0,0,0,66,54,85,79,104,99,146,136,213,204,202,189,203,175,173,172,172,168,158,154,160,163,256,257,252,249,245,234,268,268,322,281,498,495,488,438,498,491,426,450,490,487,456,410,470,477,450,400,474,429,517,516,502,360,577,537,473,449,616,604,1102,1087,932,847,1238,989,12843,12844,12850,12850]} 1. Nf3 c5 2. e4 Nc6 3. Bb5 d6 4. O-O Bd7 5. Re1 Nf6 6. c3 a6 7. Ba4 b5 8. Bc2 Bg4 9. h3 Bxf3 10. Qxf3 g6 {B51: Sicilian: Moscow Variation (3 Bb5+) without 3...Bd7} 11. d3 Bg7 12. Be3 O-O 13. Nd2 Nd7 {[%cal Bf6d7,Bd7b6,Bb6a4,Ba4b2][%mdl 32] [#] LiveBook: 5 Games} 14. Qd1 $146 ({Predecessor:} 14. Rac1 Rc8 15. Qe2 Nb6 16. f4 b4 17. Bd1 a5 18. Nf3 {½-½ (34) Kuzubov,Y (2643)-Kotronias,V (2524) Moscow 2017}) 14... b4 15. Ba4 bxc3 16. bxc3 Rc8 17. Rc1 Nb6 18. Bxc6 Rxc6 19. d4 cxd4 20. cxd4 Qc8 21. Rxc6 Qxc6 22. Qb3 {[#] aiming for d5.} Na4 23. Nc4 Qb5 (23... Rc8 $5 {[%cal Rc6c4]} 24. Rc1 Qb5 $14) 24. Rc1 (24. Qc2 $5 {[%cal Re1b1]} Nb6 25. Nxb6 Qxb6 26. Rb1 $14) 24... h6 25. Na3 (25. Nd2 $14) 25... Qxb3 $1 $11 26. axb3 Nb2 27. Nc4 Nd3 28. Rc3 $36 {[%mdl 2048] White has some pressure.} Nb4 29. Na5 f5 ({Black should try} 29... Rb8 $11) 30. Rc4 $14 Nd3 31. Nc6 fxe4 32. Nxe7+ Kh7 33. Rc6 Rd8 (33... Nb4 $16 {was worth a try.}) 34. Rxa6 $18 Nb4 35. Ra7 Rb8 36. Rc7 Rb5 37. Rd7 Nd5 38. Nc8 Nf6 39. Nxd6 Rxb3 40. Re7 Rb6 (40... Nd5 {keeps fighting.} 41. Rd7 (41. Rxe4 Rb1+ 42. Kh2 Rb4 $16) 41... Nf6) 41. Ne8 Nxe8 42. Rxe8 {[%mdl 4096] Endgame KRB-KRB} Rb1+ 43. Kh2 Rd1 44. Rxe4 g5 45. h4 Kg6 $2 {[#]} (45... gxh4 46. Rxh4 Kg6) 46. hxg5 hxg5 47. g4 Bf6 48. Kg2 Kf7 49. Kf3 Rd3 50. Ke2 Ra3 51. Kd2 Rb3 52. Kc2 Ra3 53. Bd2 Ra2+ 54. Kd3 Rb2 55. f3 Ra2 56. Bc3 Rf2 $2 (56... Ra4 57. Re2 Ra3) 57. Re3 {White is clearly winning.} Be7 58. Ke4 Bd6 59. Kf5 Bf4 60. Rd3 Ra2 61. d5 Ra3 62. d6 Bxd6 63. Rxd6 Rxc3 64. Rf6+ {Precision: White = 87%, Black = 50%.} 1-0